000 00555nam a2200217Ia 4500
003 IT-RoPAU
005 20220918175528.0
008 120407s9999 xx 000 0 und d
040 _aIT-RoPAU
040 _cIT-RoPAU
041 _aita
100 _aDe Blasio, Silvano
_cssp
_9103
245 _aNel ricordo di Sr. Maria Giuditta Benzo
_bPia Discepola del Divin Maestro
250 _a1° ed.
260 _aRoma
_bUso manoscritto
_c1972
300 _c21 cm
_a29 p.
490 _v1
500 _aAd uso manoscritto.
942 _cBK
_2ddc
999 _c17115
_d17115